Synoda ECAV na Slovensku sa zaoberala otázkami ďalšieho rozvoja evanjelických škôl

Bibliographic Details
Main Author: Kováčiková, M. (Author)
Format: Article
Language:Slovak
PhysicalDescription:Fotogr.
ISSN:0139-87681
Subjects:

MARC

LEADER 00000nab a2200000 a 4500
001 vtls009938086
003 SK-MaSNL
005 20260303045036.0
008 140402c2009 xo mr|p|||||||000 b|slo
015 |a SNBRB2009/08  |2 snkbucl 
038 |a SNKBUCL 
040 |a SNKBUCL  |b slo  |c SNKBUCL  |e AACR2 
041 0 |a slo 
044 |a xo  |c SK 
080 |a 284.1(437.6):061.3  |2 1997 
100 1 |a Kováčiková, M.  |4 aut  |9 336910 
245 1 0 |a Synoda ECAV na Slovensku sa zaoberala otázkami ďalšieho rozvoja evanjelických škôl  |c M. Kováčiková 
300 |b Fotogr. 
610 2 7 |a Evanjelická cirkev a. v. na Slovensku.  |b Synoda  |x zasadanie  |2 snkbucl  |9 1035051 
648 7 |a 19.-20.6.2009  |2 snkbucl  |9 1035052 
651 7 |a Látky (Detva, Slovensko)  |2 snkbucl  |9 182784 
773 0 |t Evanjelický posol spod Tatier  |g Roč. 99, č. 28-29 (2009), s. 20-21  |x 0139-87681 
852 |a SNK  |b KIS3GCP 
958 |a SK 
999 |c 1702355  |d 1704285